Spevy svedoctva cyklus pôvodných piesní biblických od sestier Royových

Bibliographic Details
Main Author: Machajdík, Ján, 1907-1966 (Author)
Format: Book
Language:Slovak
PhysicalDescription:16 s. noty 22 cm
Published: Bratislava Modrý kríž 1937
Series:Edícia Hudobnej domoviny
Subjects:

MARC

LEADER 00000cam a2200000 a 4500
001 vtls008848577
003 SK-MaSNL
005 20260302004715.0
008 250313s1937 xo g g 000 0 slo
015 |a SNBA1937 
020 |q (brožované) 
035 |a urn:nbn:sk:snk-am00d35h 
035 |a urn:nbn:sk:snk-am3hk2o 
035 |a 89442ABE-4771-43C4-9977-5005E86F28BB 
040 |a SNK  |b slo  |c SNK  |e AACR2 
041 0 |a slo 
044 |a xo  |c SK 
072 7 |a 783  |x Cirkevná hudba. Duchovná hudba. Náboženská hudba  |2 konspekt 
080 |a 783.6  |2 2011 
080 |a (0:82-14)  |2 2001 
100 1 |a Machajdík, Ján,  |d 1907-1966  |4 aut  |9 250607 
245 1 0 |a Spevy svedoctva  |b cyklus pôvodných piesní biblických od sestier Royových  |c pre smiešaný a ženský sbor harmonisoval Ján Machajdík 
260 |a Bratislava  |b Modrý kríž  |c 1937 
300 |a 16 s.  |b noty  |c 22 cm 
490 1 |a Edícia Hudobnej domoviny  |v I. 
650 0 7 |a duchovné piesne  |2 SNKPH  |9 1928 
650 0 7 |a Sacred songs  |2 SNKPHeng  |9 288743 
655 7 |a piesne  |2 SNKPH  |9 70745 
655 7 |a Songs  |2 SNKPHeng  |9 303162 
830 0 |a Edícia Hudobnej domoviny  |9 645122 
852 |a Slovenská národná knižnica 
954 |a odborná, vedecká literatúra pôvodná (slovenská)  |2 lita 
958 |a OND 
999 |c 996910  |d 998840 
952 |a SNK  |b SNK  |y VYP  |7 0  |p 17A0519812  |o snkSC 2446/1-5 D1  |i snkF 2179/76  |3 Rekatalogizácia  |0 0  |1 0  |4 0  |d 2006-09-23  |l 0  |r 2026-02-24 12:06:56  |w 2026-02-24 
952 |a SNK  |b SNK  |y PREZ  |7 0  |p 17A0743679  |o snkSC 2446/1  |i snk992/38  |0 0  |1 0  |4 0  |d 2011-11-22  |f 1  |l 0  |r 2025-06-17 00:00:00  |w 2026-02-24